| 000 | 00485nam a2200181Ia 4500 | ||
|---|---|---|---|
| 003 | LK-CoDNM | ||
| 008 | 010623t1907 xxu||||| |||| 00| 1 eng d | ||
| 040 |
_aLK-CoDNM _dLK-CoDNM _eLK-CoDNM |
||
| 041 | _aeng | ||
| 080 | _a7 M.2 / 13 S.8 | ||
| 100 |
_aIrvine,William _eed. |
||
| 245 | _aStoria Do Mogor or Mogul India 1653-1708 | ||
| 260 |
_bJohn Murray _aLondon _c1907 |
||
| 300 | _bx,471p.22pl, 22 cm | ||
| 500 | _aIndian Texts Series.1 | ||
| 700 | _aManucci,Niccolao | ||
| 942 | _cBK | ||
| 999 |
_c86456 _d86456 |
||